| 000 | 00785nmm a2200253 a 4500 | ||
|---|---|---|---|
| 003 | AR-BaBNM | ||
| 005 | 20251128203243.0 | ||
| 008 | 136019s1948 ||||||||||||||000 | spa|| | ||
| 040 | _cAR-BaBNM | ||
| 100 | 1 | _aSaá, Alberto | |
| 245 | 1 | 0 | _aLos caudillos y el federalismo argentino |
| 260 |
_aMendoza _bHonorable Junta de Estudios Históricos de Mendoza _c1948 |
||
| 300 | 0 | _a52 p. | |
| 500 | 1 | _aConferencia pronunciada en la H. Junta de Estudios Históricos de Mendoza, el 21 de octubre de 1948 | |
| 650 | 4 | _aHISTORIA ARGENTINA | |
| 650 | 4 | _aCAUDILLOS ARGENTINOS | |
| 650 | 4 | _aGUERRAS CIVILES ARGENTINAS | |
| 650 | 4 | _aFEDERALES | |
| 650 | 4 | _aFEDERALISMO ARGENTINO | |
| 650 | 4 | _aMONTONERAS | |
| 700 | 1 |
_aMolina Pico, Mario _eprologuista |
|
| 942 | _cBK | ||
| 998 | _cEnrique | ||
| 999 |
_c2583 _d2583 |
||